000
00256nam a22001097a 4500
008
170125b xxu||||| |||| 00| 0 eng d
020
_a
0863560197
041
_a
eng
080
_a
618.2
245
_a
RED CROSS CPR MODULE
_c
AMERICAN RED CROSS
942
_2
udc
_c
BK
999
_c
3574
_d
3574